[Event "ch-Euro Indiv Women"]
[Site "Tbilisi GEO"]
[Date "2011.05.12"]
[Round "6"]
[White "Zimina,O"]
[Black "Mkrtchian,L"]
[Result "1/2-1/2"]
[WhiteElo "2346"]
[BlackElo "2468"]

1.e4 c5 2.Nf3 Nc6 3.d4 cxd4 4.Nxd4 e6 5.Nc3 a6 6.g3 Qc7 7.Bg2 Nf6 8.O-O d6
9.Re1 Nd7 10.Be3 Be7 11.f4 O-O 12.Bf2 Rb8 13.a4 Nxd4 14.Bxd4 b6 15.Qg4 Bf6
16.Bxf6 Nxf6 17.Qe2 b5 18.axb5 axb5 19.e5 dxe5 20.Qxe5 Qb6+  1/2-1/2

[Event "46th Capablanca Memorial Open B"]
[Site "Havana CUB"]
[Date "2011.05.13"]
[Round "3.30"]
[White "Gomez Sanchez,Jorge Marco"]
[Black "Jodar Arias,M"]
[Result "0-1"]
[WhiteElo "2036"]
[BlackElo "2174"]

1.e4 c5 2.Nf3 e6 3.d4 cxd4 4.Nxd4 Nc6 5.Nc3 Qc7 6.Be2 a6 7.Be3 Nf6 8.O-O Bb4
9.Na4 Be7 10.Nc3 O-O 11.Qd2 Bb4 12.f3 d5 13.Nxc6 bxc6 14.Bg5 Nd7 15.Nxd5 Bc5+
16.Ne3 Qb6 17.Kh1 Qxb2 18.Nc4 Qb8 19.Rab1 Qc7 20.Qa5 Qa7 21.Bf4 Re8 22.Bc7 e5
23.Rfd1 Bd4 24.Bxe5 Bxe5 25.Nxe5 Nxe5 26.Qxe5 Be6 27.Qd4 c5 28.Qd6 h6 29.Rb6 Red8
30.Qxd8+ Rxd8 31.Rxd8+ Kh7 32.Rdd6 a5 33.a4 Qe7 34.Kg1 Qg5 35.Kf2 Qe5 36.g3 Qc3
37.Rb5 Qxc2 38.Rdb6 Qxa4 39.Ra6 Qc2 40.Ke1 a4 41.Rxc5 Qxc5 42.Rxa4  0-1

[Event "46th Capablanca Memorial Open B"]
[Site "Havana CUB"]
[Date "2011.05.13"]
[Round "3.48"]
[White "Lopez Rippel,R"]
[Black "Rodriguez Gomez,Juan Alberto"]
[Result "1-0"]
[WhiteElo "2062"]
[BlackElo "1969"]

1.e4 c5 2.Nf3 Nc6 3.Nc3 e6 4.d4 cxd4 5.Nxd4 d6 6.Bc4 a6 7.Bb3 Be7 8.Be3 Bd7
9.Qe2 Nf6 10.O-O-O Na5 11.g4 Nxb3+ 12.axb3 O-O 13.g5 Ne8 14.h4 b5 15.g6 fxg6
16.h5 g5 17.h6 g6 18.Rdg1 b4 19.Na4 Qa5 20.Kb1 e5 21.Bxg5 Bxg5 22.Rxg5 Nf6
23.Nf5 Bb5 24.Qe3 Bxa4 25.bxa4 Qc7 26.Rd1 Rac8 27.Rd2 d5 28.exd5 Nxd5 29.Qb3 Kh8
30.Qxd5 gxf5 31.Rg7 Qc6 32.Qxe5 Qf6 33.Qd6 b3 34.cxb3 f4 35.f3 Qf5+ 36.Ka2 Rc1
37.Rd3 Re1 38.Qd4 Re5 39.Re7  1-0

[Event "ch-Euro Indiv Women"]
[Site "Tbilisi GEO"]
[Date "2011.05.13"]
[Round "7"]
[White "Kobeshavidze,L"]
[Black "Asgarova,T"]
[Result "1/2-1/2"]
[WhiteElo "1988"]
[BlackElo "1957"]

1.e4 c5 2.Nf3 e6 3.d4 cxd4 4.Nxd4 Nc6 5.Nc3 d6 6.g3 Be7 7.Bg2 a6 8.O-O Qc7
9.Be3 Nf6 10.f4 O-O 11.h3 Bd7 12.a4 Rac8 13.Nb3 Na5 14.Nxa5 Qxa5 15.Qe1 Bd8
16.Qf2 Bc6 17.Bd4 Nd7 18.Kh2 Bb6 19.Rfd1 Rfd8 20.Rab1 Qb4 21.Bxb6 Qxb6 22.Qe2 Nc5
23.b3 Qc7 24.Rd2 h6 25.Ra1 Qa5 26.Na2 Nxe4 27.Bxe4 Bxe4 28.Rad1 d5 29.c3 Qc5
30.Rd4 Qc6 31.c4 a5 32.Nc3 Bg6 33.Nb5 Qb6 34.Qd2 Rc5 35.Qe2 Qc6 36.R1d2 b6
37.Na7 Qa8 38.Nb5 Rdc8 39.Nd6 Rd8 40.Nb5 Rdc8 41.Nd6 Rd8  1/2-1/2

[Event "ch-CZE"]
[Site "Pardubice CZE"]
[Date "2011.05.14"]
[Round "3"]
[White "Rasik,V"]
[Black "Jansa,Vl"]
[Result "1/2-1/2"]
[WhiteElo "2485"]
[BlackElo "2518"]

1.e4 c5 2.Nf3 e6 3.d4 cxd4 4.Nxd4 Nc6 5.Nc3 a6 6.Nxc6 bxc6 7.Bd3 d5 8.O-O Nf6
9.Re1 Be7 10.e5 Nd7 11.Qg4 g6 12.b3 O-O 13.Na4 c5 14.Bh6 Re8 15.c4 d4 16.Qf4 Bb7
17.Be4 Qc7 18.Bxb7 Qxb7 19.h4 Qc7 20.Qe4 Bf8 21.Bxf8 Rxf8 22.Rad1 Rae8 23.b4 cxb4
24.Rxd4 Qa5 25.Rxd7 Qxa4 26.Red1 Qxa2 27.h5 b3 28.h6 Qc2 29.Qxc2 bxc2 30.Rc1 Rd8
31.Rd6 a5 32.Rxc2 a4 33.c5 Ra8 34.c6 a3 35.Ra2 Rfc8 36.c7 Rxc7 37.Rxa3 Rac8
38.Rad3 Kf8 39.Rd8+ Ke7 40.R3d7+ Rxd7 41.Rxc8 Rd5 42.f4 Rd4 43.g3 Rd8 44.Rc2 Rd7
45.Kg2 f6 46.Kf3 Kf7 47.Rc8 fxe5 48.fxe5 g5 49.Rh8 Kg6 50.Rg8+ Kxh6 51.Re8 Kg6
52.Rxe6+ Kf5 53.Rh6 g4+ 54.Ke3 Kxe5 55.Rh5+ Kf6 56.Kf4 Rd4+ 57.Ke3 Rd7 58.Kf4  1/2-1/2

[Event "ch-Catalan KO"]
[Site "Sabadell ESP"]
[Date "2011.05.14"]
[Round "1.1"]
[White "Capellades Subirana,M"]
[Black "Vila Gazquez,X"]
[Result "0-1"]
[WhiteElo "2222"]
[BlackElo "2494"]

1.e4 c5 2.Nf3 e6 3.d4 cxd4 4.Nxd4 Nc6 5.Nc3 Qc7 6.Be3 a6 7.a4 Nf6 8.Bd3 Ne5
9.f3 Bb4 10.Ne2 d5 11.O-O dxe4 12.Nxe4 Nxe4 13.Bxe4 Nc4 14.Bc1 O-O 15.Ng3 Bd6
16.b3 Be5 17.Rb1 Qb6+ 18.Kh1 f5 19.Bd3 Ne3 20.Bxe3 Qxe3 21.Re1 Qc5 22.Qe2 Bc3
23.Red1 Qe5 24.Qxe5 Bxe5 25.Bc4 Bc7 26.Re1 Kf7 27.Re2 g6 28.Rd1 Rd8 29.Rxd8 Bxd8
30.Rd2 Ke7 31.Kg1 Bd7 32.Rd1 h5 33.Ne2 Bc7 34.h3 g5 35.Kf1 Be5 36.Nd4 h4
37.Ke2 Rd8 38.Ke3 Be8 39.c3 Bd7 40.Rd3 Rc8 41.Ke2 Rc5 42.Re3 Bf4 43.Bxe6 Bxe3
44.Bxd7 Rxc3 45.Nxf5+ Kxd7 46.Nxe3 Rxb3 47.Nc4 Rc3 48.Nd2 Ra3 49.Ne4 Kc6
50.Nxg5 Rxa4 51.Ke3 Ra2 52.f4 Rxg2 53.Nf3 Rg3 54.Ke4 Rxh3 55.Nd4+ Kd7 56.f5 Rh1
57.f6 Rf1 58.Nf5 h3 59.f7 Rxf5 60.Kxf5 Ke7 61.Kg6 Kf8  0-1

[Event "6th Paradiso Amateur Open"]
[Site "Paradiso SUI"]
[Date "2011.05.15"]
[Round "5.2"]
[White "Borin,F"]
[Black "Kelecevic,N"]
[Result "0-1"]
[WhiteElo "2114"]
[BlackElo "2279"]

1.e4 c5 2.Nf3 Nc6 3.Nc3 e6 4.d4 cxd4 5.Nxd4 Qc7 6.Be3 a6 7.g3 Nf6 8.Bg2 d6
9.O-O Bd7 10.h3 Be7 11.Qe1 O-O 12.Kh1 Nxd4 13.Bxd4 Bc6 14.Qe3 b5 15.e5 dxe5
16.Bxe5 Qb7 17.f3 Nd7 18.Rae1 b4 19.Nd1 Nxe5 20.Qxe5 Rad8 21.c4 bxc3 22.Nxc3 Bd6
23.Qg5 h6 24.Qc1 Bxg3 25.Re2 e5 26.Rd1 Bf4 27.Qc2 Rxd1+ 28.Qxd1 Rc8 29.Rc2 Qe7
30.Qe1 Qb4 31.a3 Qb3 32.Qe2 Ba4 33.Rd2 Bxd2 34.Qxd2 Bc6 35.Qe2 Bb7 36.Qf2 Bc6
37.Qe2 a5 38.Qa6 Qb7 39.Qe2 Rb8 40.Nd1 Qb5 41.Qd2 Qd5 42.Qc2 Qd4 43.Nc3 Rd8
44.Qb3 a4 45.Qc2 Qd2 46.Qb1 g6 47.h4 Qf2 48.Ne4 Qxh4+ 49.Kg1 Bxe4 50.fxe4 Rd2
51.Qf1 Qg4 52.Kh1 Rd1  0-1

[Event "ch-Euro Indiv Women"]
[Site "Tbilisi GEO"]
[Date "2011.05.15"]
[Round "8"]
[White "Girya,O"]
[Black "Foisor,M"]
[Result "1-0"]
[WhiteElo "2394"]
[BlackElo "2220"]

1.e4 c5 2.Nc3 e6 3.Nge2 Nc6 4.d4 cxd4 5.Nxd4 d6 6.g3 Nf6 7.Bg2 Be7 8.Nxc6 bxc6
9.e5 Nd5 10.exd6 Qxd6 11.O-O Ba6 12.Ne4 Qc7 13.Re1 O-O 14.c3 Rfd8 15.Qc2 Rac8
16.Ng5 Nf6 17.Bf4 Bd6 18.Be3 h6 19.Ne4 Nxe4 20.Qxe4 c5 21.Rad1 Rb8 22.Qa4 Bb5
23.Qg4 f5 24.Qg6 Qf7 25.Qxf7+ Kxf7 26.Rd2 Be7 27.Red1 Rxd2 28.Rxd2 Rc8 29.b3 g5
30.c4 Bc6 31.Bxc6 Rxc6 32.Rd7 a6 33.f4 g4 34.h4 h5 35.Kf2 Ke8 36.Ra7 Kf7
37.Ke2 Ke8 38.Bd2 Bf6 39.Rh7 Kf8 40.Rd7 Ke8 41.Ra7 Bd4 42.Be3 Bf6 43.Rb7 Be7
44.Kd3 Rd6+ 45.Ke2 Rc6 46.Kf2 Kf8 47.Rb8+ Kf7 48.Ke2 Kg6 49.Bd2 Bf6 50.Be3 Be7
51.Rb7 Bf8 52.Bd2 Bg7 53.a4 Bd4 54.a5 Rc8 55.Rb6 Ra8 56.Rxe6+ Kf7 57.Rd6 Re8+
58.Kf1 Re6 59.Rd5 Kg6 60.b4 Rc6 61.b5 Re6 62.b6 Re7 63.Be1 Rb7 64.Bf2 Bc3
65.Rxc5 Rd7 66.Rd5 Re7 67.Bd4 Bb4 68.Be5 Kf7 69.Kf2 Ke6 70.Ke2 Rb7 71.Bd4 Bd6
72.Bc5 Bb8 73.Rd8  1-0

[Event "ch-Euro Indiv Women"]
[Site "Tbilisi GEO"]
[Date "2011.05.15"]
[Round "8"]
[White "Arakhamia-Grant,K"]
[Black "Galojan,L"]
[Result "1-0"]
[WhiteElo "2462"]
[BlackElo "2377"]

1.e4 c5 2.Nf3 e6 3.d4 cxd4 4.Nxd4 Nc6 5.Nc3 Qc7 6.f4 a6 7.Nxc6 Qxc6 8.Bd3 b5
9.Qe2 Bb7 10.Bd2 Nf6 11.e5 Nd5 12.Ne4 Be7 13.O-O-O g6 14.g4 O-O-O 15.Rhf1 f5
16.exf6 Nxf6 17.Ng5 Rde8 18.Bc3 Kb8 19.Kb1 Qg2 20.Qe1 Qc6 21.h3 Ka8 22.Bd4 Rc8
23.Nf7 Rhf8 24.Ne5 Qc7 25.c4 d6 26.cxb5 dxe5 27.fxe5 Nd5 28.bxa6 Bc6 29.Rc1 Rxf1
30.Bxf1 Qd7 31.a3 Ba4 32.Bc4 Rb8 33.Qa5 Bb5 34.a7 Rb7 35.Bxb5 Qxb5 36.Rc8+  1-0

[Event "TCh-UKR Clubs 2011"]
[Site "Alushta UKR"]
[Date "2011.05.16"]
[Round "4.5"]
[White "Dhillon,J"]
[Black "Derevianchenko,I"]
[Result "1/2-1/2"]
[WhiteElo "2029"]
[BlackElo "2232"]

1.e4 c5 2.Nf3 Nc6 3.d4 cxd4 4.Nxd4 e6 5.Nc3 Nf6 6.Nxc6 bxc6 7.e5 Nd5 8.Ne4 Qc7
9.f4 Qb6 10.c4 Bb4+ 11.Ke2 f5 12.Nf2 Bc5 13.Nd3 Nb4 14.Nxc5 Qxc5 15.Kf3 Bb7
16.a3 Na6 17.Be3 Qe7 18.Qb3 O-O-O 19.c5 Nc7 20.h4 h6 21.h5 g5 22.hxg6 Rdg8
23.Bf2 Rxg6 24.g3 Rhg8 25.Bc4 Qg7 26.Rag1 Ba6 27.Bxa6+ Nxa6 28.Qc4 Nc7 29.b4 Rg4
30.Qd3 Qg6 31.a4 a6 32.Rh3 h5 33.Rh4 Rxh4 34.gxh4 Qe8 35.Rg5 Kb7 36.Be1 Nd5
37.b5 Qf8 38.bxc6+ dxc6 39.Qb3+ Ka7 40.Ba5 Rxg5 41.Bb6+ Ka8 42.fxg5 Qg7 43.Qd3 Kb7
44.Qd4 Kc8 45.Qc4 Qb7 46.a5 Kd7 47.Kg3 Qb8 48.Qe2 Qh8 49.Kf3 f4 50.Qxa6 Qxe5
51.Qb7+ Ke8 52.Qxc6+ Kf7 53.Qd7+ Kg6 54.Qe8+ Kg7 55.Qd7+ Kg6 56.Qe8+ Kg7  1/2-1/2

[Event "ch-Euro Indiv Women"]
[Site "Tbilisi GEO"]
[Date "2011.05.16"]
[Round "9"]
[White "Bodnaruk,A"]
[Black "Manakova,M"]
[Result "1-0"]
[WhiteElo "2419"]
[BlackElo "2303"]

1.e4 c5 2.Nc3 Nc6 3.Nge2 e6 4.d4 cxd4 5.Nxd4 Qc7 6.Be3 a6 7.Qd2 Nf6 8.O-O-O Bb4
9.f3 Ne5 10.Nb3 d5 11.Bf4 O-O 12.Kb1 dxe4 13.Qd4 Bxc3 14.bxc3 Nfd7 15.fxe4 b5
16.Be2 Bb7 17.h4 Rac8 18.Rh3 f6 19.Rg3 Kh8 20.Qd6 Rfe8 21.Qxc7 Rxc7 22.Rd6 Ng6
23.Bh5 e5 24.Bd2 Bxe4 25.Rxa6 Ndf8 26.Rb6 f5 27.Bxg6 Nxg6 28.h5 Nf4 29.h6 gxh6
30.Rxb5 Nxg2 31.Bxh6 Ne1 32.Nd2 Bxc2+ 33.Kb2 Ba4 34.Rb6 f4 35.Rg1 Nd3+ 36.Ka1 e4
37.Bg5 Rf7 38.Rf6 Rg7 39.Nxe4 Kg8 40.Nd6 Re5 41.Nf7 h6 42.Nxe5 Nxe5 43.Rf8+ Kxf8
44.Bxh6 Ke8 45.Bxg7 Nd3 46.Rf1 Bc6 47.Bd4 Kd7 48.Rd1 Be4 49.a4 Kc6 50.Rg1 f3
51.Rg8 Nc1 52.Kb2 Nd3+ 53.Ka3 Bd5 54.Rf8 Kb7 55.Rf6 Ne1 56.a5 Nc2+ 57.Ka4 Bc6+
58.Kb3 Be4 59.Rf4 Bd5+  1-0

[Event "ch-Euro Indiv Women"]
[Site "Tbilisi GEO"]
[Date "2011.05.16"]
[Round "9"]
[White "Hairapetian,A"]
[Black "Gogishvili,D"]
[Result "1-0"]
[WhiteElo "2128"]
[BlackElo "1856"]

1.e4 c5 2.Nf3 e6 3.d4 cxd4 4.Nxd4 Nc6 5.Nc3 Qc7 6.Be3 a6 7.Bd3 Nf6 8.Nxc6 bxc6
9.f4 Bb4 10.O-O d5 11.e5 Nd7 12.Qg4 g6 13.f5 Be7 14.fxg6 hxg6 15.Rxf7 Qxe5
16.Bf4 Qd4+ 17.Kh1 Rxh2+ 18.Kxh2 Qh8+ 19.Kg3 e5 20.Bxg6 Kd8 21.Bg5 Nf6 22.Bxf6 Bxf6
23.Qh5  1-0

[Event "ch-CZE"]
[Site "Pardubice CZE"]
[Date "2011.05.17"]
[Round "6"]
[White "Kanovsky,D"]
[Black "Stocek,J"]
[Result "0-1"]
[WhiteElo "2472"]
[BlackElo "2600"]

1.e4 c5 2.Nf3 Nc6 3.d4 cxd4 4.Nxd4 e6 5.Nc3 d6 6.Be3 Nf6 7.f4 Bd7 8.Qf3 Rc8
9.O-O-O Qc7 10.Kb1 a6 11.g4 Nxd4 12.Rxd4 d5 13.exd5 Nxd5 14.Rxd5 exd5 15.Bd3 Bc5
16.Nxd5 Qd6 17.Re1 Bxe3 18.Rxe3+ Kd8 19.a3 Re8 20.Be4 Rc4 21.Nb4 Qe6 22.f5 Qe5
23.Nd3 Qxh2 24.Re2 Qg1+ 25.Re1 Qb6 26.Nb4 Qd4 27.c3 Qe5 28.Nd3 Rxe4 29.Nxe5 Rxe1+
30.Ka2 R8xe5 31.Qxb7 Rb5 32.Qa8+ Bc8 33.Qf3 Re7 34.a4 Rbe5 35.Ka3 f6 36.Qd3+ Rd7
37.Qc4 h6 38.Qg8+ Re8 39.Qc4 Ke7 40.Qc5+ Kf7 41.Qc6 Kg8 42.Qc4+ Kh7 43.Qc6 Rde7
44.a5 Bb7 45.Qd6 Re5 46.Qb6 Rb5 47.Qc7 Rc8  0-1

[Event "ch-Euro Indiv Women"]
[Site "Tbilisi GEO"]
[Date "2011.05.17"]
[Round "10"]
[White "Shamatava,A"]
[Black "Milliet,S"]
[Result "0-1"]
[WhiteElo "1917"]
[BlackElo "2388"]

1.e4 c5 2.Nf3 e6 3.d4 cxd4 4.Nxd4 Nc6 5.Nc3 Qc7 6.Be2 a6 7.O-O Nf6 8.Be3 Bb4
9.Na4 O-O 10.Nxc6 bxc6 11.Nb6 Rb8 12.Nxc8 Rfxc8 13.Bxa6 Rf8 14.Bd3 Bd6 15.g3 Be5
16.c3 Rxb2 17.Qc1 Qb8 18.Bd4 Bxd4 19.cxd4 Qb4 20.e5 Nd5 21.Qc4 Qd2 22.Rad1 Qa5
23.Ra1 Ra8 24.Rfb1 Rd2 25.Rb3 f6 26.a3 Rf8 27.Rf1 Ra2 28.Bb1 Rd2 29.Bd3 g6
30.Qc1 fxe5 31.dxe5 Kg7 32.Be4 Re2 33.Bxd5 Qxd5 34.Re3 Rd2 35.Qc3 c5 36.a4 c4
37.a5 Ra8 38.Qb4 Kf7 39.Ra3 Rd3 40.Rfa1 Ra6 41.Ra4 Rd1+ 42.Rxd1 Qxd1+ 43.Kg2 Qd5+
44.Kg1 Qxe5  0-1

[Event "ch-Euro Indiv Women"]
[Site "Tbilisi GEO"]
[Date "2011.05.18"]
[Round "11"]
[White "Zawadzka,J"]
[Black "Manakova,M"]
[Result "1-0"]
[WhiteElo "2400"]
[BlackElo "2303"]

1.e4 c5 2.Nf3 e6 3.d4 cxd4 4.Nxd4 Nc6 5.Nc3 Qc7 6.Be2 a6 7.O-O Nf6 8.Be3 b5
9.Nxc6 dxc6 10.f4 b4 11.e5 Nd5 12.Nxd5 cxd5 13.Qd4 Bb7 14.f5 exf5 15.Rxf5 g6
16.Rf2 Bg7 17.Qxb4 Bxe5 18.Bf4 Bxf4 19.Rxf4 f5 20.Rd1 Rf8 21.Rf3 Rf6 22.Rb3 Bc6
23.Bf3 Rd8 24.Re3+ Kf7 25.Rde1 Rd7 26.Kh1 a5 27.Qh4 Kg7 28.Re6 Rxe6 29.Rxe6 Rf7
30.Qd4+ Kh6 31.Be2 Bb7 32.Re3 f4 33.Rh3+ Kg5 34.Qf2 Kf6 35.Qh4+ Ke6 36.Rc3 Qb6
37.Rb3 Qc7 38.Bg4+ Kd6 39.Qf2 Qc5 40.Qd2 g5 41.h3 Re7 42.Bf3 Bc6 43.Rd3 Re3
44.Rd4 Re1+ 45.Qxe1 Qxd4 46.Qxa5 Qxb2 47.Qd8+ Kc5 48.Qe7+ Kc4 49.Be2+ Kc3
50.Qf6+ Kxc2 51.Bd3+ Kc1 52.Qxc6+ Kd2 53.Qxd5 h6 54.Bf5+ Ke1 55.Qe4+ Kd2
56.a4 f3 57.Qd3+ Ke1 58.Qe3+ Qe2 59.Qc1+ Kf2 60.Qg1+ Kg3 61.Qh2+ Kh4 62.g3+ Kh5
63.Bg4+ Kg6 64.Qxe2  1-0

[Event "TCh-UKR Clubs 2011"]
[Site "Alushta UKR"]
[Date "2011.05.19"]
[Round "7.3"]
[White "Sitnikov,A"]
[Black "Shagbazyan,Tar"]
[Result "0-1"]
[WhiteElo "2496"]
[BlackElo "2303"]

1.e4 c5 2.Nc3 Nc6 3.Nge2 e6 4.d4 cxd4 5.Nxd4 Nf6 6.Ndb5 Bb4 7.Bg5 O-O 8.a3 Bxc3+
9.Nxc3 h6 10.Bxf6 Qxf6 11.Qd6 Ne5 12.Qd2 Rd8 13.O-O-O d6 14.f4 Ng6 15.g3 Bd7
16.Qxd6 Bc6 17.Qc7 Rxd1+ 18.Kxd1 e5 19.f5 Ne7 20.Kc1 Nxf5 21.Bc4 Ne3 22.Bb3 Rf8
23.Kb1 Nf1 24.Ka2 Qf3 25.Rxf1 Qxf1 26.Qxe5 Qf2 27.Nd5 Bxd5 28.exd5 Qc5 29.Qf4 Rd8
30.g4 Qd6 31.Qf2 b6 32.h4 Qe5 33.h5 Rd6 34.c4 Rf6 35.Qc2 Qd4 36.Qd1 Rf4 37.Qe1 Rf2
38.Qc1 Rg2 39.Ba4 Rxg4 40.Bb5 Rg2 41.Kb3 Rg3+ 42.Ka2 Qd3 43.Ba4 Rf3 44.Qc2 Qd4
45.Bd7 Rf4 46.Kb3 Rf2 47.Qc3 Qxc3+ 48.Kxc3 Kf8 49.b4 Ke7 50.Bc8 Kd6 51.Kb3 Rf4
52.Ba6 Rf3+ 53.Ka4 Rc3 54.Kb5 Rxa3 55.Bb7 Rb3  0-1

[Event "20th Croatian Cup"]
[Site "Sibenik CRO"]
[Date "2011.05.19"]
[Round "2.123"]
[White "Radic,Antonio"]
[Black "Ljikar,Z"]
[Result "0-1"]
[WhiteElo "1991"]
[BlackElo "2189"]

1.e4 c5 2.Nf3 e6 3.d4 cxd4 4.Nxd4 Nc6 5.Nc3 Qc7 6.Be3 a6 7.Nxc6 dxc6 8.Qf3 b5
9.O-O-O Bb7 10.Be2 Nf6 11.g4 b4 12.g5 Nd7 13.Na4 c5 14.Rxd7 Qxd7 15.Nb6 Qc6
16.Nxa8 Bxa8 17.Rd1 Be7 18.Qg3 O-O 19.f3 c4 20.Qe5 Rc8 21.h4 b3 22.axb3 cxb3
23.c3 Qa4 24.Bd3 Bc6 25.Bd4 Bf8 26.h5 Bb5 27.Bb1 Be2 28.Rg1 Qb5 29.Qxb5 axb5
30.Rg3 Ra8 31.h6 Ra1 32.f4 Bd6 33.e5 Bf8 34.hxg7 Bxg7 35.Bc5 Bf8 36.Bd4 Bh5
37.f5 exf5 38.Rg1 Bg6 39.Kd2 Be7 40.Bd3 Rxg1 41.Bxg1 Bxg5+ 42.Ke2 Bc1 43.Bxb5 Bxb2
44.Bc4 Bc1 45.Bd3 b2 46.Kd1 f4 47.Bxg6 fxg6 48.c4  0-1

[Event "ch-Moscow KO"]
[Site "Moscow RUS"]
[Date "2011.05.20"]
[Round "2.2"]
[White "Grigoriants,S RUS"]
[Black "Mozharov,M"]
[Result "1/2-1/2"]
[WhiteElo "2562"]
[BlackElo "2469"]

1.e4 c5 2.Nf3 e6 3.d4 cxd4 4.Nxd4 Nc6 5.Nc3 Qc7 6.Be3 Nf6 7.Be2 Be7 8.f4 d6
9.Qd2 a6 10.O-O-O O-O 11.g4 Nxd4 12.Bxd4 e5 13.Be3 b5 14.Nd5 Nxd5 15.exd5 exf4
16.Bxf4 Re8 17.g5  1/2-1/2

[Event "ch-Moscow KO"]
[Site "Moscow RUS"]
[Date "2011.05.20"]
[Round "2.3"]
[White "Grigoriants,S RUS"]
[Black "Mozharov,M"]
[Result "0-1"]
[WhiteElo "2562"]
[BlackElo "2469"]

1.e4 c5 2.Nf3 e6 3.d4 cxd4 4.Nxd4 Nc6 5.Nc3 Qc7 6.g3 a6 7.Bg2 d6 8.O-O Bd7
9.a4 Nf6 10.Be3 Be7 11.f4 O-O 12.Nb3 Na5 13.e5 dxe5 14.fxe5 Nxb3 15.exf6 Bc5
16.Bf2 Nxa1 17.Qg4 g6 18.Qg5 Rfc8 19.Ne4 Bf8 20.Rxa1 Bc6  0-1

[Event "ch-Moscow KO"]
[Site "Moscow RUS"]
[Date "2011.05.20"]
[Round "2.5"]
[White "Grigoriants,S RUS"]
[Black "Mozharov,M"]
[Result "1-0"]
[WhiteElo "2562"]
[BlackElo "2469"]

1.e4 c5 2.Nf3 e6 3.d4 cxd4 4.Nxd4 Nc6 5.Nc3 Qc7 6.Be3 Nf6 7.Be2 Be7 8.f4 d6
9.Qd2 a6 10.O-O-O O-O 11.g4 Nxd4 12.Qxd4 b5 13.g5 Nd7 14.h4 Bb7 15.a3 e5
16.Qd2 exf4 17.Bxf4 Ne5 18.Nd5 Bxd5 19.Qxd5 Rac8 20.Rd2 Rfe8 21.Rhd1 Bf8
22.Kb1 Nc4 23.Bxc4 Qxc4 24.Re1 Re6 25.b3 Qc3 26.Re3 Qa5 27.Rf2 Qb6 28.Ref3 Qc6
29.Bg3 Qxd5 30.exd5 Re1+ 31.Kb2 g6 32.Rxf7 Bg7+ 33.Rxg7+ Kxg7 34.Bxd6 Rd1
35.Be5+ Kg8 36.d6 Rd5 37.Bg3 Rd4 38.Re2 Rd5 39.Kc1 Rf8 40.Re7 Rf3 41.Be5 Rf7
42.Re8+ Rf8 43.Re7 Rf7 44.Re6 Rf1+ 45.Kb2 Rf3 46.Bf6 Rf2 47.Re8+ Kf7 48.Re7+ Kf8
49.d7 Rdd2 50.Re8+ Kf7 51.d8=Q  1-0

[Event "ch-CZE"]
[Site "Pardubice CZE"]
[Date "2011.05.20"]
[Round "9"]
[White "Rasik,V"]
[Black "Krejci,Jan2"]
[Result "0-1"]
[WhiteElo "2485"]
[BlackElo "2489"]

1.e4 c5 2.Nf3 e6 3.d4 cxd4 4.Nxd4 Nc6 5.Nc3 Qc7 6.Be3 a6 7.Qd2 Nf6 8.O-O-O Be7
9.f3 h5 10.Nb3 d6 11.Qf2 b5 12.Kb1 Rb8 13.Qg3 h4 14.Qe1 Ne5 15.f4 Neg4 16.Bd4 b4
17.h3 Nh6 18.e5 bxc3 19.exf6 Bxf6 20.Bxf6 gxf6 21.Qxh4 Ke7 22.g4 Bb7 23.Rg1 Qb6
24.Qg3 a5 25.Qxc3 a4 26.Nd4 Rhc8 27.Qa3 Be4 28.Bg2 Rc4 29.Bxe4 Rxd4 30.Rxd4 Qxd4
31.Re1 Rb5 32.Bd3 Rb6 33.Rf1 Kf8 34.g5 Ng8 35.b3 Ne7 36.Qb2 Qe3 37.Qc1 Qc5
38.Be4 f5 39.Bh1 e5 40.fxe5 dxe5 41.h4 e4 42.Qb2 Kg8 43.Rd1 Rd6 44.Rxd6 Qxd6
45.Qf6 Qc5 46.g6 Nxg6 47.h5 a3 48.Qd8+ Kg7 49.Qg5 Qd4 50.Qc1 Nf4 51.c3 Qd3+
52.Qc2 Qh3 53.Bxe4 Qf1+ 54.Qc1 Qxc1+ 55.Kxc1 fxe4 56.b4 Nd5 57.b5 Nxc3 58.b6 Nxa2+  0-1

[Event "ch-KAZ 2011"]
[Site "Astana KAZ"]
[Date "2011.05.21"]
[Round "7"]
[White "Ospanov,N"]
[Black "Kotsur,P"]
[Result "1/2-1/2"]
[WhiteElo "2250"]
[BlackElo "2562"]

1.e4 c5 2.Nf3 Nc6 3.Nc3 e6 4.d4 cxd4 5.Nxd4 a6 6.Be2 Qc7 7.O-O Nf6 8.Be3 Be7
9.f4 d6 10.Bf3 O-O 11.a4 Na5 12.Kh1 Nc4 13.Bc1 e5 14.Nf5 Rd8 15.Nxe7+ Qxe7
16.Qe2  1/2-1/2

[Event "zt 2.5"]
[Site "Asuncion PAR"]
[Date "2011.05.21"]
[Round "6"]
[White "Cubas,Jo"]
[Black "Mareco,S"]
[Result "1/2-1/2"]
[WhiteElo "2505"]
[BlackElo "2591"]

1.e4 c5 2.Nf3 e6 3.d4 cxd4 4.Nxd4 Nc6 5.Nc3 Qc7 6.Be3 a6 7.Bd3 Nf6 8.Qe2 b5
9.O-O-O Bb7 10.Kb1 Bb4 11.Nxc6 dxc6 12.Bd2 Bd6 13.Rde1 e5 14.Nd1 c5 15.c4 O-O
16.g4 bxc4 17.Bc2 a5 18.Nc3 Rfb8 19.g5 Nd7 20.h4 Nf8 21.Nd5 Qd8 22.h5 Ra7
23.g6 Bxd5 24.exd5 Rab7 25.gxf7+ Rxf7 26.Bc3 Rf4 27.h6 g6 28.Bxe5 Bxe5 29.Qxe5 Rf7
30.Rh3 Qb6 31.Rf3 Nd7 32.Qc3 Qb4 33.a3 Qxc3 34.Rxc3 Nb6 35.d6 Rd8 36.Re5 Rxd6
37.Rxc5 Rxf2 38.Re3 Kf8 39.Rxa5 Rf1+ 40.Ka2 Rd2 41.Rc3 Rc1 42.Re5 Rf1 43.Re6 Nd5
44.Rxc4 Rff2 45.Rc8+ Kf7 46.Rec6 Rh2 47.Ka1 Ke7 48.Bb3 Rxh6 49.Rb8 Rh1+ 50.Ka2 Rhh2
51.Rb7+ Kd8 52.Ba4 Rh4 53.Bb5 Rh3 54.Rb8+ Ke7 55.Rb7+ Kd8 56.Rb8+ Kd7 57.Rb7+ Kd8
58.Rb8+  1/2-1/2

[Event "4th Beirut Open"]
[Site "Beirut LIB"]
[Date "2011.05.21"]
[Round "8.3"]
[White "Eid,Fa"]
[Black "Brock,F"]
[Result "1-0"]
[WhiteElo "2378"]
[BlackElo "2241"]

1.e4 c5 2.Nf3 Nc6 3.d4 cxd4 4.Nxd4 e6 5.Nc3 Qc7 6.Be3 a6 7.a3 b5 8.Nxc6 dxc6
9.Be2 Bb7 10.O-O Bd6 11.h3 e5 12.Nb1 Nf6 13.Nd2 O-O 14.c4 Rad8 15.Qc2 Qe7
16.c5 Bb8 17.a4 Bc8 18.axb5 axb5 19.Ra3 Be6 20.Rfa1 Rd7 21.Ra6 Ra7 22.Nf1 Rxa6
23.Rxa6 Qb7 24.Ra1 Bc7 25.Bg5 Bd8 26.Ng3 h6 27.Bd2 Be7 28.Ba5 Nd7 29.b4 Ra8
30.Qb2 g6 31.Nf1 h5 32.Nd2 Bf6 33.Bd1 Bd8 34.Bxd8 Rxd8 35.Nf3 Qc7 36.Bc2 f6
37.Ra3 Nf8 38.Qa1 Rd7 39.Ra8 g5 40.Qa6 Re7 41.Nd2 Kg7 42.Nf1 Ng6 43.Ne3 Nf4
44.Bd1 Rd7 45.Bf3 Rf7 46.Nf5+ Bxf5 47.exf5 Nd5 48.Bxd5 cxd5 49.Qxb5 Rd7 50.Qe2 Qb7
51.Re8  1-0

[Event "1st Alimini Village Open"]
[Site "Otranto ITA"]
[Date "2011.05.21"]
[Round "1"]
[White "Navarro Lopez Menchero,D"]
[Black "Bruno,Fabi"]
[Result "0-1"]
[WhiteElo "2131"]
[BlackElo "2459"]

1.e4 c5 2.Nf3 e6 3.d4 cxd4 4.Nxd4 Nc6 5.Nc3 Qc7 6.Be3 Nf6 7.Qd2 a6 8.O-O-O Be7
9.f3 h5 10.Bd3 d6 11.Rdg1 Ne5 12.h3 h4 13.f4 Nc4 14.Bxc4 Qxc4 15.Qd3 Qc7
16.Nf3 b5 17.e5 dxe5 18.fxe5 Nd7 19.Rd1 Bb7 20.Ne4 Rc8 21.Nd6+ Bxd6 22.exd6 Qc4
23.Qxc4 Rxc4 24.b3 Rc8 25.Rd4 f6 26.Kb2 g5 27.Rc1 Kf7 28.c4 e5 29.Rd2 bxc4
30.bxc4 Be4 31.c5 Rc6 32.Ne1 Rb8+ 33.Ka3 Ke6 34.Nd3 Bxd3 35.Rxd3 f5 36.Rb3 Rg8
37.Rb7 f4 38.Bf2 Rgc8 39.Kb4 Rxd6 40.Ka5 Rcc6 41.cxd6 Rxc1 42.Rc7 Rd1 43.Kxa6 Rd2
44.Ba7 Rxa2+  0-1

[Event "ch-MNE w"]
[Site "Podgorica MNE"]
[Date "2011.05.21"]
[Round "1.2"]
[White "Bacic,K"]
[Black "Mijovic,A"]
[Result "0-1"]
[WhiteElo "1826"]
[BlackElo "2172"]

1.e4 c5 2.Nf3 e6 3.d4 cxd4 4.Nxd4 Nc6 5.Nc3 Qc7 6.Be2 a6 7.Be3 Nf6 8.O-O Be7
9.f4 d6 10.Kh1 Nxd4 11.Bxd4 O-O 12.Bd3 b5 13.e5 dxe5 14.fxe5 Nd7 15.Rf4 g6
16.Qe2 Bb7 17.Raf1 b4 18.Nd1 Bc5 19.c3 a5 20.Nf2 f5 21.exf6 Qxf4 22.Qxe6+ Rf7
23.Ng4 Qd2 24.Rf2 Qg5 25.Bc4 Rf8 26.Qxd7 Qc1+ 27.Rf1 Qxf1+ 28.Bxf1 Rxd7 29.Bxc5 Rd1
30.Nh6+ Kh8 31.Kg1 Rxf6  0-1

[Event "ch-MNE w"]
[Site "Podgorica MNE"]
[Date "2011.05.21"]
[Round "1.1"]
[White "Blagojevic,Tijana"]
[Black "Bubanja,Mi"]
[Result "1/2-1/2"]
[WhiteElo "1802"]
[BlackElo "1731"]

1.e4 c5 2.Nf3 e6 3.d4 cxd4 4.Nxd4 Nc6 5.Nc3 a6 6.Be2 Nf6 7.O-O Qc7 8.Be3 Bb4
9.Nxc6 Qxc6 10.e5 Bxc3 11.bxc3 Nd5 12.c4 Nxe3 13.fxe3 Qc7 14.Qd4 b6 15.Rab1 b5
16.cxb5 axb5 17.Rxb5 Rxa2 18.Rc5 Qb8 19.Qc4 Ra8 20.Rb5 Qa7 21.Qf4 O-O 22.Rfb1 Qc7
23.Bd3 Ba6 24.Qe4 g6 25.R5b4 Bxd3 26.cxd3 Rab8 27.h3 Rxb4 28.Rxb4 Rb8 29.Rc4 Qb6
30.Qd4 Qxd4 31.Rxd4 Rb7 32.Kf2 h5 33.Kf3 Kf8 34.g4 hxg4+ 35.hxg4 Ke7 36.Kf4 Rb1
37.Ra4 Rb5 38.Rd4 Ra5 39.Re4 Rd5  1/2-1/2

[Event "ch-Siberia Men"]
[Site "Barnaul RUS"]
[Date "2011.05.22"]
[Round "3"]
[White "Vorontsov,V"]
[Black "Sadovskiy,Danila"]
[Result "0-1"]
[WhiteElo "1944"]
[BlackElo "1811"]

1.e4 c5 2.Nf3 e6 3.d4 cxd4 4.Nxd4 Nc6 5.Nc3 Qc7 6.Ndb5 Qb8 7.g3 a6 8.Nd4 Qc7
9.Bg2 Bd6 10.O-O Be5 11.Nde2 d6 12.Be3 Nge7 13.f4 Bf6 14.g4 g6 15.Qd2 d5
16.g5 Bg7 17.exd5 exd5 18.Bxd5 Bh3 19.Bg2 Bxg2 20.Kxg2 Rd8 21.Qe1 Nb4 22.Rc1 Qc6+
23.Kg1 h6 24.Qf2 Nf5 25.Bc5 Nd5 26.Rfe1 Nde7 27.Rcd1 Rxd1 28.Rxd1 hxg5 29.Bb6 Nd6
30.Qe3 gxf4 31.Nxf4 O-O 32.Rxd6 Qxd6 33.Bc5 Nf5 34.Bxd6 Nxe3 35.Bxf8 Kxf8
36.Ncd5 Nxd5 37.Nxd5 Bxb2 38.Kf2 f5 39.Ke3 Be5 40.h3 Kf7 41.c4 Ke6 42.a4 Kd6
43.Kd3 b5 44.Nb6 Kc6 45.a5 Bc7 46.Nd5 Bxa5 47.Ne7+ Kc5 48.cxb5 axb5 49.Nxg6 Bd8
50.h4 Bf6 51.h5 Bg7 52.Ne7 f4 53.Nf5 Bh8 54.h6 b4 55.Kc2 f3 56.h7 f2 57.Ng3 Kc4
58.Nf1 b3+ 59.Kd2 b2 60.Kc2 Kd5 61.Nd2 Bf6  0-1